Green Day Studio Albums - Statistics

General Stats
  • This quiz has been taken 146 times
  • The average score is 11 of 14
Answer Stats
Album Year % Correct
American Idiot 2004
100%
Dookie 1994
97%
¡Dos! 2012
84%
¡Tré! 2012
84%
¡Uno! 2012
84%
21st Century Breakdown 2009
80%
Nimrod 1997
77%
Warning 2000
74%
Kerplunk 1991
73%
Insomniac 1995
69%
Revolution Radio 2016
68%
Father of All M***********s 2020
67%
39/Smooth 1990
65%
Saviors 2024
65%
No matching quizzes found
Score Distribution
Percent of People with Each Score
Percentile by Number Answered
Your Score History
You have not taken this quiz